[Event "Wellington CC-chB"]
[Site "Wellington"]
[Date "2013.10.03"]
[Round "9"]
[White "Cook, John"]
[Black "Kay, Bruce"]
[Result "1/2-1/2"]
[WhiteElo "1604"]
[BlackElo "1825"]
[PlyCount "57"]
[EventDate "2013.08.01"]
[EventType "tourn"]
[EventRounds "11"]
[EventCountry "NZL"]
[SourceTitle "EXT 2018"]
[Source "ChessBase"]
[SourceDate "2017.10.13"]
[SourceVersion "1"]
[SourceVersionDate "2017.10.13"]
[SourceQuality "1"]

1. d4 Nf6 2. e3 d5 3. Bd3 c5 4. c3 Nc6 5. Nd2 Bg4 6. Ngf3 e5 7. dxe5 Nxe5 8. Qa4+ Bd7 9. Bb5 Nc6 10. 0-0 Be7 11. e4 dxe4 12. Nxe4 0-0 13. Be3 a6 14. Be2 Nd4 15. Nxf6+ Bxf6 16. Qd1 Nxe2+ 17. Qxe2 Qc7 18. h3 Rfe8 19. Qc2 g6 20. Bg5 Bg7 21. Qd2 Bc6 22. Nh2 f6 23. Bh6 Rad8 24. Qc1 Qf7 25. Ng4 Bb5 26. Bxg7 Qxg7 27. c4 Bd7 28. Ne3 Bc6 29. Ng4 1/2-1/2

[Event "Wellington CC-chB"]
[Site "Wellington"]
[Date "2013.08.15"]
[Round "3"]
[White "Cook, John"]
[Black "Stracy, Don M"]
[Result "0-1"]
[WhiteElo "1604"]
[BlackElo "1851"]
[PlyCount "96"]
[EventDate "2013.08.01"]
[EventType "tourn"]
[EventRounds "11"]
[EventCountry "NZL"]
[SourceTitle "EXT 2018"]
[Source "ChessBase"]
[SourceDate "2017.10.13"]
[SourceVersion "1"]
[SourceVersionDate "2017.10.13"]
[SourceQuality "1"]

1. d4 Nf6 2. e3 d5 3. Bd3 c5 4. c3 Nc6 5. Nd2 e5 6. dxe5 Ng4 7. Ngf3 Ngxe5 8. Bb5 Bd7 9. 0-0 a6 10. Be2 Bd6 11. Qb3 Na5 12. Qc2 Nac6 13. Qb3 Na5 14. Qc2 Nxf3+ 15. Nxf3 0-0 16. e4 dxe4 17. Qxe4 Re8 18. Qc2 Rxe2 19. Qxe2 Bb5 20. Qc2 Bxf1 21. Kxf1 h6 22. b3 c4 23. b4 Nc6 24. Be3 Qc7 25. g3 Ne5 26. Nxe5 Bxe5 27. Rd1 Rd8 28. Rxd8+ Qxd8 29. Qd2 Qxd2 30. Bxd2 f5 31. Ke2 Kf7 32. Be1 Ke6 33. Kd2 g5 34. Kc2 b5 35. Kd2 h5 36. h3 Kd5 37. f3 g4 38. hxg4 hxg4 39. fxg4 fxg4 40. Ke3 Bc7 41. Bf2 Ke5 42. Be1 Bb6+ 43. Ke2 Ke4 44. Bd2 Bc7 45. Be1 Be5 46. Kd2 Kf3 47. Kc2 Bxg3 48. Bd2 Bf2 0-1

[Event "Wellington Mazur Memorial"]
[Site "Wellington"]
[Date "2012.12.13"]
[Round "6"]
[White "Farrington, Lawrence B"]
[Black "Cook, John"]
[Result "1/2-1/2"]
[WhiteElo "1751"]
[BlackElo "1611"]
[PlyCount "111"]
[EventDate "2012.11.01"]
[EventType "swiss"]
[EventRounds "7"]
[EventCountry "NZL"]
[SourceTitle "EXT 2018"]
[Source "ChessBase"]
[SourceDate "2017.10.13"]
[SourceVersion "1"]
[SourceVersionDate "2017.10.13"]
[SourceQuality "1"]

1. e4 c5 2. c3 e5 3. d4 cxd4 4. cxd4 exd4 5. Qxd4 Nc6 6. Qd1 Bb4+ 7. Bd2 Nf6 8. Nc3 0-0 9. Bd3 Ne5 10. Qc2 Re8 11. Nge2 Nfg4 12. 0-0 Qc7 13. Bf4 Bxc3 14. bxc3 b6 15. h3 Nf6 16. Kh1 Bb7 17. f3 Nh5 18. Bh2 Qc8 19. c4 Ba6 20. Rac1 Nf6 21. Nf4 Qb7 22. Rfd1 Rac8 23. Qb3 Qc6 24. Nd5 Nxd3 25. Nxf6+ Qxf6 26. Qxd3 Re7 27. Qd4 Qe6 28. c5 Bb5 29. cxb6 Rxc1 30. Rxc1 axb6 31. a3 Re8 32. Rb1 Bc6 33. Qxb6 Qa2 34. Qb3 Qxb3 35. Rxb3 g6 36. Bf4 Ra8 37. Bh6 f6 38. Be3 Kf7 39. Kg1 Ke6 40. Bd4 f5 41. exf5+ Kxf5 42. Kf2 Ra4 43. Ke3 Ra8 44. Rc3 Ra4 45. Bc5 Ra8 46. Bb4 Rc8 47. Kf2 Ra8 48. Rc5+ Ke6 49. f4 Kf7 50. g3 Ke6 51. g4 Kf7 52. Kg3 Re8 53. Re5 Rxe5 54. fxe5 Ke6 55. Bd6 g5 56. h4 1/2-1/2

[Event "Wellington CC Summer Cup"]
[Site "Wellington"]
[Date "2012.04.03"]
[Round "8"]
[White "Marney, John"]
[Black "Cook, John"]
[Result "1-0"]
[WhiteElo "1620"]
[BlackElo "1656"]
[PlyCount "105"]
[EventDate "2012.02.07"]
[EventType "swiss"]
[EventRounds "8"]
[EventCountry "NZL"]
[SourceTitle "EXT 2018"]
[Source "ChessBase"]
[SourceDate "2017.10.13"]
[SourceVersion "1"]
[SourceVersionDate "2017.10.13"]
[SourceQuality "1"]

1. e4 c5 2. Nc3 Nc6 3. f4 e5 4. Nf3 d6 5. Bb5 Nge7 6. d3 a6 7. Ba4 b5 8. Bb3 Qb6 9. Bd2 Ng6 10. Nd5 Qa7 11. c3 Be7 12. f5 Nh4 13. Nxe7 Nxf3+ 14. Qxf3 Qxe7 15. 0-0 f6 16. Qh5+ Kd8 17. Rf3 a5 18. Rg3 Bd7 19. Rc1 Kc7 20. Qg4 g5 21. Bd5 Rab8 22. Qd1 h5 23. Qc2 h4 24. Re3 Be8 25. a4 b4 26. cxb4 Nxb4 27. Bxb4 Rxb4 28. b3 Bf7 29. Bc4 Rhb8 30. Ree1 Kd8 31. Rb1 Qd7 32. Rb2 Be8 33. Bb5 Qa7 34. Bxe8 Kxe8 35. Reb1 Qb6 36. Kf1 Qa6 37. Kf2 Kd7 38. Kf3 Qc8 39. Ke2 Qh8 40. Kd2 Qh5 41. Qd1 Qf7 42. Kc3 Kc6 43. Kd2 d5 44. Ke3 dxe4 45. dxe4 Rd4 46. Qe2 Rb6 47. Kf2 Qd7 48. Rc1 Rxb3 49. Qa6+ Kc7 50. Qa7+ Kc8 51. Qxd7+ Kxd7 52. Rxb3 Kc6 53. Rbc3 1-0